000 00577nam a22002297a 4500
003 UA-OsUOA
001 49606
007 ta
008 20071010b un ||||| |||| 00| 0 ukr d
100 _aДейнегина Т.
090 _a82-01
_bД27
942 _cBK
040 _aUA-OsUOA
_brus
_cUA-OsUOA
_dUA-OsUOA
245 _aСтрока биографии
300 _a72 с.
955 _a3
041 _arus
080 _a82-01
260 _aК.
_bМолодь
_c1987
650 7 _a82 Література. Літературознавство
_2UDC
999 _c335713
_d335713